| Tag |
First Indicator |
Second Indicator |
Subfields |
| LEADER |
00000cam a2200000 4500 |
| 001 |
in00000008631 |
| 005 |
20151003080010.0 |
| 008 |
780201s1932 gw af 00010 ger d |
| 035 |
|
|
|a (OCoLC)03594814
|
| 035 |
|
|
|9 AAA1028AM
|
| 040 |
|
|
|a TLM
|c TLM
|d m.c.
|d TXA
|d UtOrBLW
|
| 049 |
|
|
|a TXAS
|c [A08600754]
|
| 050 |
|
4 |
|a NK4645
|b .F95 ser.III
|
| 100 |
1 |
|
|a Furtwängler, Adolf,
|d 1853-1907.
|
| 245 |
1 |
0 |
|a Griechische vasenmalerei :
|b auswahl hervorragender vasenbilder, mit unterstützung aus dem Thereianos-fonds der bayerischen akademie der wissenschaften hrsg /
|c von Adolf Furtwängler, Friedrich Hauser und Karl Reichhold; nach deren tode fortgeführt von Erast Buschor, Carl Watzinger, Robert Zahn. Serie III.
|
| 264 |
|
1 |
|a München :
|b Bruckmann,
|c 1932.
|
| 300 |
|
|
|a 393 pages and portfolio of 60 plates 38 cm. and 73 cm.
|
| 336 |
|
|
|a text
|b txt
|2 rdacontent
|
| 337 |
|
|
|a unmediated
|b n
|2 rdamedia
|
| 338 |
|
|
|a volume
|b nc
|2 rdacarrier
|
| 500 |
|
|
|a Issued in 6 "lieferungen". 1905-1932.
|
| 500 |
|
|
|a Plates in portfolio numbered 121-180, continuing 2d series, which was published 1905-1909.
|
| 650 |
|
0 |
|a Vase-painting, Greek.
|
| 700 |
1 |
|
|a Hauser, Friedrich,
|d 1859-1917.
|
| 700 |
1 |
|
|a Reichhold, Karl.
|
| 710 |
2 |
|
|a Bayerische Akademie der Wissenschaften.
|
| 999 |
|
|
|a MARS
|
| 999 |
f |
f |
|s f7915a18-6313-3f8d-b4c4-48d3a7ce841d
|i 52c8c625-a6b0-39fa-8e43-0540f8832a00
|t 0
|
| 952 |
f |
f |
|p noncirc
|a Texas A&M University
|b College Station
|c Cushing Memorial Library & Archives
|s cush rare
|d Cushing: Rare Books (Does not check out)
|t 0
|e NK4645 .F95 ser.III
|f 2X Oversize
|h Library of Congress classification
|i unmediated -- volume
|m A14808600754
|
| 998 |
f |
f |
|a NK4645 .F95 ser.III
|t 0
|l Cushing: Rare Books (Does not check out)
|